MARC details
| 000 -CABECERA |
| campo de control de longitud fija |
02779cam a2200385 i 4500 |
| 001 - NÚMERO DE CONTROL |
| campo de control |
on1479668688 |
| 003 - IDENTIFICADOR DEL NÚMERO DE CONTROL |
| campo de control |
OCoLC |
| 005 - FECHA Y HORA DE LA ÚLTIMA TRANSACCIÓN |
| campo de control |
20251014174508.0 |
| 008 - DATOS DE LONGITUD FIJA--INFORMACIÓN GENERAL |
| campo de control de longitud fija |
250324s2025 nyu 000 0 eng d |
| 020 ## - NÚMERO INTERNACIONAL ESTÁNDAR DEL LIBRO |
| Número Internacional Estándar del Libro |
9780593474020 |
| Información calificativa |
(pbk.) |
| 035 ## - NÚMERO DE CONTROL DEL SISTEMA |
| Número de control de sistema |
(OCoLC)1479668688 |
| 040 ## - FUENTE DE LA CATALOGACIÓN |
| Centro catalogador/agencia de origen |
YDX |
| Lengua de catalogación |
eng |
| Centro/agencia transcriptor |
YDX |
| Centro/agencia modificador |
WRM |
| -- |
OCLCQ |
| -- |
OCLCO |
| 041 ## - CÓDIGO DE LENGUA |
| Código de lengua del texto/banda sonora o título independiente |
English |
| 050 00 - SIGNATURA TOPOGRÁFICA DE LA BIBLIOTECA DEL CONGRESO |
| Número de clasificación |
PS3616.E785 |
| Número de documento/Ítem |
H69 2025 |
| 100 ## - ENTRADA PRINCIPAL--NOMBRE DE PERSONA |
| Nombre de persona |
Perrin, Kristen |
| Término indicativo de función/relación |
author. |
| 9 (RLIN) |
25812 |
| 245 10 - MENCIÓN DE TÍTULO |
| Título |
How to solve your own murder |
| Resto del título |
: a novel |
| Mención de responsabilidad, etc. |
/ Kristen Perrin. |
| 264 #1 - PRODUCCIÓN, PUBLICACIÓN, DISTRIBUCIÓN, FABRICACIÓN Y COPYRIGHT |
| Producción, publicación, distribución, fabricación y copyright |
[New York] : |
| Nombre del de productor, editor, distribuidor, fabricante |
Dutton, |
| Fecha de producción, publicación, distribución, fabricación o copyright |
[March 2025] |
| 264 #4 - PRODUCCIÓN, PUBLICACIÓN, DISTRIBUCIÓN, FABRICACIÓN Y COPYRIGHT |
| Fecha de producción, publicación, distribución, fabricación o copyright |
©2024 |
| 300 ## - DESCRIPCIÓN FÍSICA |
| Extensión |
369 pages ; |
| Dimensiones |
24 cm. |
| 490 1# - MENCIÓN DE SERIE |
| Mención de serie |
[Castle Knoll files] ; |
| Designación de volumen o secuencia |
[book 1] |
| 520 ## - SUMARIO, ETC. |
| Sumario, etc. |
"A dual narrative, feel good mystery in which a woman, Frances, spends a lifetime trying to prevent her murder as predicted by a fortune teller at a country fair when she was just 17. When she is in fact murdered nearly 60 years later, her great niece Annie must solve the crime to avenge her great aunt's death, and in so doing uncovers the dark heart of the quaint English village of Castle Knoll, where she might just find herself in the path of the killer"-- |
| Fuente proveedora |
Provided by publisher. |
| 520 ## - SUMARIO, ETC. |
| Sumario, etc. |
Frances Adams always said she’d be murdered. She was right.<br/><br/>In 1965, Frances Adams is at an English country fair where a fortune-teller makes a bone-chilling prediction: One day, Frances will be murdered. It is a prediction that sparks her life’s work—trying to solve a crime that hasn’t happened yet.<br/><br/>Nearly sixty years later, Annie Adams is summoned to a meeting at the sprawling country estate of her wealthy and reclusive great-aunt Frances. But by the time Annie arrives in the quaint English village of Castle Knoll, Frances is found murdered, just like she always said she would be. Annie is determined to catch the killer, but thanks to Frances’s lifelong habit of digging up secrets and lies, it seems every endearing and eccentric villager might just have a motive for her murder.<br/><br/>Can Annie safely unravel the dark mystery at the heart of Castle Knoll, or will dredging up the past throw her into the path of a killer? As Annie gets closer to the truth, and closer to danger, she starts to fear she might inherit her aunt’s fate instead of her fortune. |
| 586 ## - NOTA DE PREMIOS |
| Nota de premios |
Alex Awards, 2025 |
| 650 #0 - PUNTO DE ACCESO ADICIONAL DE MATERIA--TÉRMINO DE MATERIA |
| Término de materia o nombre geográfico como elemento de entrada |
Fortune-telling. |
| Subdivisión de forma |
Fiction. |
| 650 #0 - PUNTO DE ACCESO ADICIONAL DE MATERIA--TÉRMINO DE MATERIA |
| Término de materia o nombre geográfico como elemento de entrada |
Murder |
| Subdivisión de forma |
Fiction |
| 9 (RLIN) |
25440 |
| 650 #0 - PUNTO DE ACCESO ADICIONAL DE MATERIA--TÉRMINO DE MATERIA |
| Término de materia o nombre geográfico como elemento de entrada |
Murder |
| Subdivisión general |
Investigation |
| Subdivisión de forma |
Fiction |
| 9 (RLIN) |
7769 |
| 650 #0 - PUNTO DE ACCESO ADICIONAL DE MATERIA--TÉRMINO DE MATERIA |
| Término de materia o nombre geográfico como elemento de entrada |
Inheritance and succession |
| Subdivisión de forma |
Fiction |
| 9 (RLIN) |
24095 |
| 650 #0 - PUNTO DE ACCESO ADICIONAL DE MATERIA--TÉRMINO DE MATERIA |
| Término de materia o nombre geográfico como elemento de entrada |
Fate and fatalism |
| Subdivisión de forma |
Fiction. |
| 650 #0 - PUNTO DE ACCESO ADICIONAL DE MATERIA--TÉRMINO DE MATERIA |
| Término de materia o nombre geográfico como elemento de entrada |
Great-aunts |
| Subdivisión de forma |
Fiction. |
| 651 #0 - PUNTO DE ACCESO ADICIONAL DE MATERIA--NOMBRE GEOGRÁFICO |
| Nombre geográfico |
England |
| Subdivisión general |
Fiction |
| Subdivisión de forma |
Fiction. |
| 655 #0 - TÉRMINO DE INDIZACIÓN--GÉNERO/FORMA |
| Datos o término principal de género/forma |
Cozy mysteries |
| 9 (RLIN) |
25814 |
| 655 #0 - TÉRMINO DE INDIZACIÓN--GÉNERO/FORMA |
| Datos o término principal de género/forma |
Detective and mystery fiction |
| 9 (RLIN) |
23664 |
| 800 ## - PUNTO DE ACCESO ADICIONAL DE SERIE--NOMBRE DE PERSONA |
| Nombre de persona |
Perrin, Kristen, |
| Título de la obra |
Castle Knoll murder mystery ; |
| Designación de volumen o secuencia |
bk. 1. |
| 942 ## - ELEMENTOS DE ENTRADA AGREGADA (KOHA) |
| Fuente del sistema de clasificación o colocación |
Clasificación de Library of Congress |